000 00463nam a2200169Ia 4500
005 20250423101707.0
008 250422s9999 xx 000 0 und d
020 _a1590270789
050 _aPE 1591 .W437/
245 0 _aWebster's new English language thesaurus.
260 _aNew York
260 _bThe Popular Group
260 _c2004
300 _a253 p
650 _aEnglish language_Synonyms and antonyms. English language_Dictionaries.
942 _cBK
999 _c36998
_d36998